[Event "FRA-ch op-C"]
[Site "Albi"]
[Date "2022.08.16"]
[Round "4"]
[White "Vasselin, Louis"]
[Black "Milojevic Daim, Lola Shaina"]
[Result "1/2-1/2"]
[WhiteElo "1716"]
[BlackElo "1671"]
[PlyCount "105"]
[EventDate "2022.08.13"]
[EventType "swiss"]
[EventRounds "9"]
[EventCountry "FRA"]
[SourceTitle "CBM 210 Extra"]
[Source "ChessBase"]
[SourceDate "2022.11.30"]
[SourceVersion "1"]
[SourceVersionDate "2022.11.30"]
[SourceQuality "1"]

1. e4 c5 2. c3 e5 3. d4 cxd4 4. cxd4 Bb4+ 5. Bd2 Bxd2+ 6. Qxd2 exd4 7. Qxd4 Nf6 8. Qe5+ Qe7 9. Qxe7+ Kxe7 10. Nc3 d6 11. 0-0-0 a6 12. f3 Be6 13. Nge2 Nc6 14. Nf4 g5 15. Nfd5+ Bxd5 16. Nxd5+ Nxd5 17. Rxd5 Ne5 18. Be2 Rac8+ 19. Kb1 Rc6 20. Rc1 Rhc8 21. Rdd1 Rxc1+ 22. Rxc1 Rxc1+ 23. Kxc1 Ke6 24. Bd1 Ng6 25. Bb3+ Ke5 26. Bxf7 Nh4 27. Bd5 b6 28. Bc4 Nxg2 29. Bxa6 Kf4 30. Be2 Ke3 31. Bd1 Ne1 32. a4 h6 33. Bc2 Nxf3 34. b4 Kd4 35. a5 bxa5 36. bxa5 Kc5 37. a6 Kb6 38. Bd3 Nxh2 39. Kd2 Ng4 40. Be2 Ne5 41. Kc3 g4 42. Kd4 g3 43. Bf1 Ng4 44. Bh3 Nf2 45. Bg2 h5 46. e5 dxe5+ 47. Kxe5 Nd3+ 48. Ke4 Ne1 49. Kf4 h4 50. Bh3 g2 51. Bxg2 Nxg2+ 52. Kg4 Kxa6 53. Kh3 1/2-1/2

[Event "FRA-ch Blitz Online Qual"]
[Site "Europe Echecs INT"]
[Date "2020.05.16"]
[Round "2"]
[White "Pottier, Simeon"]
[Black "Vasselin, Louis"]
[Result "1-0"]
[WhiteElo "2186"]
[BlackElo "1590"]
[PlyCount "55"]
[EventDate "2020.05.16"]
[EventType "swiss (blitz)"]
[EventRounds "15"]
[EventCountry "FRA"]
[SourceTitle "CBM 196 Extra"]
[Source "ChessBase"]
[SourceDate "2020.07.31"]
[SourceVersion "1"]
[SourceVersionDate "2020.07.31"]
[SourceQuality "1"]

1. d4 d5 2. c4 c6 3. Nc3 dxc4 4. e4 Nf6 5. Bxc4 e6 6. Nf3 Bb4 7. Qe2 Qa5 8. Bd2 b5 9. Bd3 Bb7 10. 0-0 0-0 11. a3 Bxc3 12. bxc3 Qc7 13. e5 Nd5 14. Bxh7+ Kxh7 15. Ng5+ Kg8 16. Qh5 Rd8 17. Qh7+ Kf8 18. Qh8+ Ke7 19. Qxg7 Rf8 20. Nxe6 Kxe6 21. Qxf8 Nd7 22. Qh6+ Ke7 23. f4 Rg8 24. Qh4+ Ke8 25. f5 Qd8 26. Qh7 N7b6 27. Qxg8+ Ke7 28. Bg5+ 1-0

[Event "FRA-ch Blitz Online Qual"]
[Site "Europe Echecs INT"]
[Date "2020.05.16"]
[Round "3"]
[White "Vasselin, Louis"]
[Black "Casas, Alexandre"]
[Result "0-1"]
[WhiteElo "1590"]
[BlackElo "1933"]
[PlyCount "82"]
[EventDate "2020.05.16"]
[EventType "swiss (blitz)"]
[EventRounds "15"]
[EventCountry "FRA"]
[SourceTitle "CBM 196 Extra"]
[Source "ChessBase"]
[SourceDate "2020.07.31"]
[SourceVersion "1"]
[SourceVersionDate "2020.07.31"]
[SourceQuality "1"]

1. d4 Nf6 2. Bf4 e6 3. e3 c5 4. c3 d5 5. Nf3 Bd6 6. Bg3 Nc6 7. Nbd2 0-0 8. Bd3 Re8 9. 0-0 Bxg3 10. hxg3 e5 11. dxe5 Nxe5 12. Nxe5 Rxe5 13. Nf3 Re7 14. Re1 a6 15. c4 Be6 16. cxd5 Qxd5 17. Qe2 c4 18. Bc2 b5 19. Nd4 Rc7 20. Nxe6 Qxe6 21. Qf3 Rac8 22. Rad1 g6 23. Rd2 Kg7 24. Red1 a5 25. Rd6 Qe5 26. Ra6 Qxb2 27. Rdd6 Qxc2 28. Rxf6 c3 29. Rxa5 b4 30. Raa6 Qb1+ 31. Kh2 c2 32. Rac6 Rxc6 33. Rxf7+ Kg8 34. Rd7 Qxa2 35. Qe4 Qe6 36. Qd4 Qf6 37. Qd5+ Kh8 38. Rf7 c1Q 39. Rxf6 Rxf6 40. Qe5 Qc3 41. Qe7 Rcf8 0-1

[Event "Sautron op 19th"]
[Site "Sautron"]
[Date "2019.10.19"]
[Round "4.18"]
[White "Vasselin, Louis"]
[Black "Krivcenko, Alexandr"]
[Result "0-1"]
[WhiteElo "1660"]
[BlackElo "1888"]
[PlyCount "32"]
[EventDate "2019.12.10"]
[EventType "swiss"]
[EventRounds "9"]
[EventCountry "FRA"]
[SourceTitle "EXT 2022"]
[Source "ChessBase"]
[SourceDate "2021.10.06"]
[SourceVersion "1"]
[SourceVersionDate "2021.10.06"]
[SourceQuality "1"]

1. d4 Nf6 2. Bf4 g6 3. e3 Bg7 4. c4 0-0 5. Nf3 d6 6. Nc3 Nbd7 7. Be2 c5 8. d5 h6 9. h3 Qa5 10. Rc1 Ne4 11. Qc2 Nxc3 12. bxc3 Nb6 13. Nd2 Na4 14. Qe4 Bf5 15. Qxe7 Nxc3 16. Bxd6 Ne4 0-1